Traité de pathologie médicale et de thérapeutique appliquée / publ. sous la dir. d'Émile Sergent, L. Ribadeau-Dumas, L. Babonneix. (Record no. 188356)

MARC details
000 -LEADER
campo de control de longitud fija 00936nam a2200205 i 4500
001 - NÚMERO DE CONTROL
campo de control 188356
003 - IDENTIFICADOR DE NÚMERO DE CONTROL
campo de control ES-MaACL
005 - FECHA Y HORA DE LA ÚLTIMA TRANSACCIÓN
campo de control 20251002204752.0
008 - DATOS DE LONGITUD FIJA--INFORMACIÓN GENERAL
campo de control de longitud fija 180903s1922 fr |||| | fre d
245 00 - MENCIÓN DEL TÍTULO
Título Traité de pathologie médicale et de thérapeutique appliquée / publ. sous la dir. d'Émile Sergent, L. Ribadeau-Dumas, L. Babonneix.
Número de parte o sección de la obra II-III,
Nombre de parte o sección de la obra Appareil respiratoire /
Mención de responsabilidad, etc. Émile Sergent, d'Heucqueville, Bellin [et al.].
260 ## - PUBLICACIÓN, DISTRIBUCIÓN, ETC.
Lugar de publicación, distribución, etc. Paris :
Nombre del editor, distribuidor, etc. A. Maloine et fils,
Fecha de publicación, distribución, etc. 1922.
300 ## - DESCRIPCIÓN FÍSICA
Extensión 2 v. :
Otras características físicas il. ;
Dimensiones 21 cm.
490 1# - MENCIÓN DE SERIE
Mención de serie Traité de pathologie médicale et de thérapeutique appliquée ;
Designación de volumen o secuencia 2-3
650 #4 - PUNTO DE ACCESO ADICIONAL DE MATERIA--TÉRMINO DE MATERIA
Término de materia o nombre geográfico como elemento de entrada Aparato respiratorio-
Subdivisión general Enfermedades.
9 (RLIN) 135585
700 1# - ENTRADA AGREGADA--NOMBRE PERSONAL
Nombre de persona Sergent, Émile,
Fechas asociadas al nombre 1867-1943
9 (RLIN) 151848
700 1# - ENTRADA AGREGADA--NOMBRE PERSONAL
Nombre de persona Vigneron d'Heucqueville, Raoul.
9 (RLIN) 165386
830 0# - PUNTO DE ACCESO ADICIONAL DE SERIE-TÍTULO UNIFORME
Título uniforme Traité de pathologie médicale et de thérapeutique appliquée ;
Designación de volumen o secuencia 2-3
9 (RLIN) 225682
852 ## - LOCALIZACIÓN
Ubicación ES-MaACL
Número de control de estantería C-16732-33
Holdings
Estatus retirado Estado de pérdida Estado de daño No para préstamo Biblioteca de origen Biblioteca actual Ubicación en estantería Fecha de adquisición Fuente de adquisición Total de préstamos Signatura topográfica completa Código de barras Visto por última vez Precio de reemplazo Tipo de ítem Koha
        Biblioteca del Ateneo de Madrid Biblioteca del Ateneo de Madrid Mesetón 03/09/2018     C-16732-33 1199254 23/02/2023 23/02/2023 Libro impreso